| 000 | 00871nam a22002537a 4500 | ||
|---|---|---|---|
| 001 | 3564 | ||
| 003 | FISKH | ||
| 005 | 20240322134444.0 | ||
| 008 | 240320b cb ||||| |||| 00| 0 eng d | ||
| 020 | _a9789995064273 | ||
| 040 |
_aFISKH _bkhr _cFISKH _dFISKH |
||
| 050 | _aPZ7 | ||
| 082 | _a808.1 | ||
| 100 | _aAou | ||
| 245 |
_aបណ្តាំក្រមង៉ុយ / _cនិពន្ធដោយ អ្នកព្រះភិរម្យភាសា អ៊ូ ហៅ ង៉ុយ. |
||
| 260 |
_aភ្នំពេញ : _bរោងពុម្ព ពន្លឺខ្មែរ, _c2016. |
||
| 300 |
_a142 pages : _c21cm |
||
| 520 | _aកំនាព្យបង្កប់នូវគតិអប់រំ | ||
| 520 | _aPoems embody educational ideas. | ||
| 650 | _aកំណាព្យ | ||
| 650 | _aPoems | ||
| 942 |
_2ddc _cKHB _n0 |
||
| 999 |
_c3564 _d3564 |
||